LEADER 00946nam a2200241 i 4500 001 000000137296 003 CaOOAMICUS 005 20240416154059.0 008 050412s1954 it u000 u ita u 013 $a111069 040 $aSeMil$bita 100 1 $aCalvino, Italo,$d<1923-1985>.$0(OLS)http://semarc/name/3149 245 13$aIl sentiero dei nidi di ragno /$cItalo Calvino. 264 1$aTorino :$bGiulio Einaudi,$c1954. 300 $a199 p. ;$c17 cm. 490 0 $aPiccola biblioteca scientifico-letteraria ;$v63 830 0$aPiccola biblioteca scientifico-letteraria ;$v63.$0(OLS)http://semarc/title/5040 850 $aSeMil 852 $aSeMil$W1$xVenegono$y1$m1C I 203$j247649$B90847$CSeMilBibl$Z2$F95760 $81 961 $aOmaggio: Altro 996 $6245$aIl sentiero dei nidi di ragno$9(OLS)http://semarc/title/200599 996 $6264$aTorino :$bGiulio Einaudi$9(OLS)http://semarc/publisher/29810 LEADER 01132nam a2200265 i 4500 001 000000057709 003 CaOOAMICUS 005 20230927164035.0 008 971020n1997 it a u000 u ita u 040 $aSeMil$bita 100 1 $aLambruschi, Luca.$0(OLS)http://semarc/name/29382 245 10$aNascere e morire :$bdal secolo 16. al secolo 20. /$cLuca e Massimo Lambruschi. 264 1$aRanco :$bParrocchia S. Martino e Lorenzo,$c[1997] 300 $a53 p. :$bill. ;$c24 cm 490 1 $aQuaderni ranchesi ;$v2 650 4$aRanco - Uponne.$0(OLS)http://semarc/subject/54504 650 4$aRanco.$0(OLS)http://semarc/subject/8806 700 1 $aLambruschi, Massimo.$0(OLS)http://semarc/name/29383 830 0$aQuaderni ranchesi ;$v2.$0(OLS)http://semarc/title/445705 850 $aSeMil 852 $aSeMil$W1$xVenegono$y1$m3P II 268$j23863$B23863$CSeMilBibl$Z2$F23865 $81 961 $aOmaggio: Donazione 996 $6245$aNascere e morire :$bdal secolo 16. al secolo 20.$9(OLS)http://semarc/title/89847 996 $6264$aRanco :$bParrocchia S. Martino e Lorenzo$9(OLS)http://semarc/publisher/61279